000 00580nam a2200193 a 4500
001 BRCA_5489
005 20190320205112.0
008 020211s1940----enka######---#000-0#eng-#
050 4 _aND653.M43
_b.P34 1940
245 1 0 _aThe Paintings of Jan Vermeer.
260 _aLondres
_bGeorge, Allen & Unwin
_c1940
300 _a14 p.
_bil. (algunas a color)
_c35 cm.
500 _aIncluye índice de pinturas e índice de museos y pinturas
500 _aE166
600 1 4 _aMeer, Jan van der
_d1632-1675
_914028
650 1 4 _aPintores holandeses
_914029
902 _aGFM
942 _2lcc
_cB
999 _c5183
_d5183